01052nas a2200289Ia 4500001001200000003001000012008004100022040002500063041001300088100001900101210002300120222002300143240007000166245007000236250001100306260000900317501012300326300001100449362002100460500004700481650002300528700001100551942000700562957000600569999003300575952015400608dd23-30954 IT-MiCISF161014c99999999xx |||||||||||| ||und|| aIT-MiCISFcIT-MiCISF aFRANCESE aKremer Pascale aLe groupe familial aLe groupe familial aLes familles monoparentales s'estiment injustement stigmatisées 0aLes familles monoparentales s'estiment injustement stigmatisées a1a ed. c2000 bCISF - Centro Internazionale Studi Famiglia - Via Giotto, 36 20145 MILANO (non commercial uses only)cCopyright 2016 app. 10 a 1 aprile [2000] a Tema: famiglia-monogenitoriale, società aFAMIGLIAvarticolo aAA.VV. cCR 71 a30954bSig1c218347d218347 0010406DD_233095471aCISFbCISFd2016-10-14l0odd23-30954 r2016-10-14 00:00:00w2016-10-14yCRzData import 15.10.2016 / by Epidotti, Vaglietti